=LDR 00000nam 2200000 4500 =001 INLIS000000000025333 =005 20130612123843 =008 ***********************************Ind** =035 ##$$0010-061300000025333 =041 ##$$a Ind =082 ##$$a 523.8 =090 ##$$a 523.8, Has b =100 ##$$a Berbagai cara hewan melestarikan keturunan, M. Hasbi =245 ##$$a Bandung, Remaja Rosdakarya, 2006 =260 ##$$a 2006 $b Bandung =300 ##$$a 30 hlm, ilus, 30 cm =650 ##$$a Binatang =850 ##$$a NBPNMAT